Normal view
MARC view
- Waveforms
Entry Topical Term
001 - CONTROL NUMBER
- control field: 105384
003 - CONTROL NUMBER IDENTIFIER
- control field: NUST
005 - DATE AND TIME OF LATEST TRANSACTION
- control field: 20221220134333.0
008 - FIXED-LENGTH DATA ELEMENTS
- fixed length control field: 221220|| aca||aabn | a|a d
040 ## - CATALOGING SOURCE
- Original cataloging agency: NUST
- Transcribing agency: NUST
150 ## - HEADING--TOPICAL TERM
- Topical term or geographic name entry element: Waveforms
670 ## - SOURCE DATA FOUND
- Source citation: Work cat.: (NUST)197103: Britton Chance 105383, Waveforms /, 1949
